北九州市の行政区 (地図付き) - Statistics

General Stats
  • This quiz has been taken 253 times
  • The average score is 6 of 7
Answers on the Map
Answers color-coded by a green-red scale on the quiz's map according to % correct below.
 
Answer Stats
Answer % Correct
門司区
99%
小倉南区
97%
小倉北区
97%
八幡西区
86%
八幡東区
86%
若松区
82%
戸畑区
80%
No matching quizzes found
Score Distribution
Percent of People with Each Score
Percentile by Number Answered
Your Score History
You have not taken this quiz